| 000 | 01160nac a22004210a 4500 | ||
|---|---|---|---|
| 001 | PT58030 | ||
| 003 | AR-LpoUNG | ||
| 005 | 20210201005548.0 | ||
| 008 | 201001s2015||||ag |||||||||||||||||spa d | ||
| 020 |
_a9789877280081 _c$17 |
||
| 040 |
_aAR-LpoUNG _bspa _eaacr |
||
| 041 | _aspa | ||
| 044 | _aag | ||
| 082 | 0 | _a982.065 669v1 | |
| 100 | 1 | _aGorini, Ulises | |
| 245 | 1 | 3 |
_aLa rebelión de las Madres : _b1976-1983 |
| 250 | _a2da. ed. | ||
| 260 |
_aBuenos Aires : _bBiblioteca Nacional, _c2015. |
||
| 300 |
_a632, [24]p. : _bfot. _a(2 _fVolúmenes) _3Impreso |
||
| 490 | 0 | _aHistoria de las Madres de Plaza de Mayo | |
| 650 | 4 | _aARGENTINA | |
| 650 | 4 | _aDERECHOS CIVILES | |
| 650 | 4 | _aDERECHOS HUMANOS | |
| 650 | 4 | _aDICTADURA | |
| 650 | 4 | _aGOBIERNO MILITAR | |
| 650 | 4 | _aHISTORIA POLITICA | |
| 650 | 4 | _aMUJERES | |
| 650 | 4 | _aPARTICIPACION POLITICA | |
| 651 | 4 | _aArgentina | |
| 653 | _aCENTROS CLANDESTINOS DE DETENCION | ||
| 653 | _aDESAPARECIDOS | ||
| 653 | _aMADRES DE PLAZA DE MAYO | ||
| 653 | _aMEMORIA COLECTIVA | ||
| 653 | _aTERRORISMO DE ESTADO | ||
| 700 | 1 |
_aBayer, Osvaldo _epról. |
|
| 905 | _a58030 | ||
| 942 | _cLIB | ||
| 999 |
_c50241 _d50241 |
||